[Event "Cagliari Alfa Lum op 3rd"]
[Site "Cagliari"]
[Date "2012.08.31"]
[Round "2"]
[White "Saba, Gloria"]
[Black "Mannino, Giacomo"]
[Result "0-1"]
[WhiteElo "1527"]
[BlackElo "1660"]
[PlyCount "62"]
[EventDate "2012.08.31"]
[EventType "swiss"]
[EventRounds "6"]
[EventCountry "ITA"]
[SourceTitle "EXT 2014"]
[Source "ChessBase"]
[SourceDate "2013.11.20"]
[SourceVersion "1"]
[SourceVersionDate "2013.11.20"]
[SourceQuality "1"]

1. e4 d5 2. exd5 Nf6 3. Nc3 Nxd5 4. Nxd5 Qxd5 5. d4 Nc6 6. Nf3 Bg4 7. c3 e5 8. Be3 e4 9. c4 Qa5+ 10. Qd2 Bb4 11. Ng5 Bxd2+ 12. Bxd2 Qf5 13. d5 Nd4 14. Rc1 e3 15. Bxe3 Nc2+ 16. Kd2 Nxe3 17. fxe3 Qxg5 18. Re1 0-0 19. Kc1 Rfe8 20. h4 Qh6 21. Kd2 Re4 22. b3 Rae8 23. Bd3 Rxe3 24. Rxe3 Qxe3+ 25. Kc3 Be2 26. Re1 Qxd3+ 27. Kb4 Qd2+ 28. Ka3 Qxe1 29. Ka4 Re4 30. Kb5 a6+ 31. Kc5 Qa5# 0-1

[Event "Cagliari Alfa Lum op 3rd"]
[Site "Cagliari"]
[Date "2012.08.31"]
[Round "1"]
[White "Sonis, Francesco"]
[Black "Mannino, Giacomo"]
[Result "1-0"]
[WhiteElo "1491"]
[BlackElo "1660"]
[PlyCount "53"]
[EventDate "2012.08.31"]
[EventType "swiss"]
[EventRounds "6"]
[EventCountry "ITA"]
[SourceTitle "EXT 2014"]
[Source "ChessBase"]
[SourceDate "2013.11.20"]
[SourceVersion "1"]
[SourceVersionDate "2013.11.20"]
[SourceQuality "1"]

1. e4 d5 2. exd5 Qxd5 3. Nc3 Qe5+ 4. Be2 c6 5. d4 Qc7 6. Nf3 Bf5 7. 0-0 e6 8. Re1 Nf6 9. Bd3 Bxd3 10. Qxd3 Bd6 11. Bg5 Nbd7 12. a3 0-0 13. Ne4 Nxe4 14. Rxe4 c5 15. Rh4 g6 16. Bh6 Rfd8 17. dxc5 Qxc5 18. Be3 Qc6 19. Ng5 Nf8 20. Qe2 Be7 21. Rh3 Rd5 22. Nf3 Rad8 23. c4 Qxc4 24. Qxc4 Rd1+ 25. Rxd1 Rxd1+ 26. Qf1 Rxf1+ 27. Kxf1 1-0